Corduroy / (Record no. 113393)
[ view plain ]
| 000 -LEADER | |
|---|---|
| fixed length control field | 00399nam a2200169 a 4500 |
| 001 - CONTROL NUMBER | |
| control field | 2572 |
| 005 - DATE AND TIME OF LATEST TRANSACTION | |
| control field | 20140414132017.0 |
| 008 - FIXED-LENGTH DATA ELEMENTS--GENERAL INFORMATION | |
| fixed length control field | 040201s19uu xx 00 eng d |
| 020 ## - INTERNATIONAL STANDARD BOOK NUMBER | |
| International Standard Book Number | 0-670-24133-4 |
| 050 ## - LIBRARY OF CONGRESS CALL NUMBER | |
| Classification number | TR |
| Item number | C81 1968 |
| 100 ## - MAIN ENTRY--PERSONAL NAME | |
| Personal name | Freeman, Don |
| 245 ## - TITLE STATEMENT | |
| Title | Corduroy / |
| Statement of responsibility, etc | Don Freeman. |
| 260 ## - PUBLICATION, DISTRIBUTION, ETC. (IMPRINT) | |
| Place of publication, distribution, etc | Canada : |
| Name of publisher, distributor, etc | Penguin, |
| Date of publication, distribution, etc | 1968. |
| 300 ## - PHYSICAL DESCRIPTION | |
| Extent | 26 p. ; cm. |
| Withdrawn status | Lost status | Damaged status | Home library | Current library | Shelving location | Date acquired | Source of acquisition | Total Checkouts | Full call number | Barcode | Date last seen | Price effective from | Koha item type |
|---|---|---|---|---|---|---|---|---|---|---|---|---|---|
| Munich Library | Munich Library | Teachers Reference Section | 02/01/2004 | TR C81 1968 | M4954 | 04/14/2014 | 04/14/2014 | Books | |||||
| Munich Library | Munich Library | Teachers Reference Section | 06/03/2010 | TR C81 1968 | M4953 | 04/14/2014 | 04/14/2014 | Books |